000 01204cam a22002891i 4500
003 SA-RiAUC
005 20250428053042.0
008 250422s1999 sy g b 00010bara c
040 _aADPOL
_bara
_cSA-RiAUC.
_erda
082 0 4 _a922.1
_qSA-RiAUC
090 _a922.1
_bن د و
100 1 _aالندوي، مسعود الرحمن خان
_eمؤلف.
245 1 2 _aالإمام ابن كثير :
_bسيرته ومؤلفاته ومنهجه في كتابة التاريخ /
_cتأليف مسعود الرحمن خان الندوي.
250 _aالطبعة الأولى.
264 1 _aدمشق :
_bدار ابن كثير،
_c1999
300 _a353 صفحة ؛
_c24 سم
336 _aنص
_btxt
_2rdacontent
_3كتاب
337 _aبدون وسيط
_bn
_2rdamedia
338 _aمجلد
_bnc
_2rdacarrier
504 _aيشتمل على إرجاعات ببليوجرافية.
600 1 7 _aابن كثير، إسماعيل بن عمر بن كثير،
_d701-774 هجري
_2aucnm
630 2 7 _aالقرآن
_xتفسير
_vتراجم
_2aucut
650 7 _aالمؤرخون العرب
_vتراجم
_2aucsh
730 2 2 _aالقرآن
942 _2ddc
_cBOOK
_n0
949 _aSA-JeALM
_d250422
_umohamedma123
_n1
999 _c7402
_d7402